Southville International School and Colleges
Your cart is empty.
  • Cart
  • Lists
    Public lists Eva Luna New books Lux_list list_1
    Your lists Log in to create your own lists
  • Log in to your account
  • Your cookies
  • Search history
Southville International School and Colleges
  • Advanced search
  • Recent comments
  • Most popular
  • Libraries

Log in to your account

Log in with GOOGLE


If you do not have an external account, but do have a local account, you can still log in:

  1. Home
  2. MARC view: The Civil code of the Philippines :
Normal view MARC view ISBD view

The Civil code of the Philippines : (Record no. 291541)

[ view plain ]
MARC details
000 -LEADER
fixed length control field 00719nam a2200229Ia 4500
008 - FIXED-LENGTH DATA ELEMENTS--GENERAL INFORMATION
fixed length control field 160319s9999 xx 000 0 und d
020 ## - INTERNATIONAL STANDARD BOOK NUMBER
International Standard Book Number 971-08-6359-2
050 ## - LIBRARY OF CONGRESS CALL NUMBER
Classification number FIL KPM 40
050 ## - LIBRARY OF CONGRESS CALL NUMBER
Item number .C58 2003
245 #4 - TITLE STATEMENT
Title The Civil code of the Philippines :
245 ## - TITLE STATEMENT
Remainder of title (republic act no. 386 as amended : with family code and related laws /
245 ## - TITLE STATEMENT
Statement of responsibility, etc compiled and edited by Jose N. Nolledo ; updated by Mercedita S. Nolledo.
250 ## - EDITION STATEMENT
Edition statement Revised Edition
260 ## - PUBLICATION, DISTRIBUTION, ETC. (IMPRINT)
Place of publication, distribution, etc Mandaluyong:
260 ## - PUBLICATION, DISTRIBUTION, ETC. (IMPRINT)
Name of publisher, distributor, etc National Book Store,
260 ## - PUBLICATION, DISTRIBUTION, ETC. (IMPRINT)
Date of publication, distribution, etc 2003
300 ## - PHYSICAL DESCRIPTION
Extent 1104 pages :
300 ## - PHYSICAL DESCRIPTION
Other physical details illustrations ;
300 ## - PHYSICAL DESCRIPTION
Dimensions 18 cm.
650 ## - SUBJECT ADDED ENTRY--TOPICAL TERM
Topical term or geographic name as entry element Civil law -- Philippines.
650 ## - SUBJECT ADDED ENTRY--TOPICAL TERM
General subdivision Domestic relations -- Philippines.
Holdings
Withdrawn status Lost status Damaged status Home library Current library Shelving location Date acquired Cost, normal purchase price Total Checkouts Full call number Barcode Date last seen Price effective from Koha item type
      South Mansfield College South Mansfield College Filipiniana Section 03/07/2005 385.00   FIL KPM 40 .C58 2003 SMC01833 03/19/2016 03/19/2016  

The Civil code of the Philippines :

APA

The Civil code of the Philippines. Mandaluyong: .

Chicago

The Civil code of the Philippines. Mandaluyong: .

Harvard

The Civil code of the Philippines. Mandaluyong: .

MLA

Mandaluyong: . .

  • Place hold
  • Print
  • Cite
  • Add to your cart (remove)
  • Save record
    BIBTEX Dublin Core MARCXML MARC (non-Unicode/MARC-8) MARC (Unicode/UTF-8) MARC (Unicode/UTF-8, Standard) MODS (XML) RIS
  • More searches
    Search for this title in:
    Other Libraries (WorldCat) Other Databases (Google Scholar) Online Stores (Bookfinder.com) Open Library (openlibrary.org)

Exporting to Dublin Core...

SOUTHVILLE LIBRARY

Southville International School and Colleges Library

1281 Tropical Ave. Cor. Luxembourg St., BF Homes International, Las Pinas City

Tel. No. 8256374 / 252358 Loc. 117/146

Powered by Koha